Statistics for Flag Carrier Quiz- Easy

Click here to take the quiz!

General Stats

  • This quiz has been taken 14 times
  • The average score is 12 of 15

Answer Stats

CountryFlag Carrier% Correct
FranceAir France
100%
IndiaAir India
100%
IsraelEL AL
100%
RussiaAeroflot
92%
CanadaAir Canada
92%
United Arab EmiratesEmirates
92%
SpainIberia
92%
South KoreaKorean Air
92%
MexicoAeromexico
85%
TürkiyeTurkish Airlines
85%
ChileLATAM
77%
TaiwanChina Airlines
62%
ItalyITA Airways
62%
South AfricaSouth African Airways
62%
PhilippinesPhilippine Airlines
46%

Score Distribution

Percentile by Number Answered

Percent of People with Each Score

Your Score History

You have not taken this quiz